000 00385nam a2200145 i 4500
001 bg
100 1 _aBORN, Joachim
245 0 _aSchalen, Faltwerke, Rippenkuppeln und Hängedächer.
_nBd. 1,
_pDoppeltgekrümmte Schalen /
_cJ. Born.
260 _aDüsseldorf,
_c1967.
040 _cBPK
041 _apol
080 _a624.07
942 _cKS
008 s pl f |000 0 pol
999 _c8099
_d8099
856 _uhttp://koha.tu.koszalin.pl/cgi-bin/koha/opac-detail.pl?biblionumber=8099
_yKatalog online BPK